00478nam a22001217a 4500100003400000245010200034260003000136300001100166700004100177942001100218999001700229952011000246 aMarkhand, Munir Ahmeda13ME38 aPerformance and Analysis of Vapour Absorption Refrigeration System by Using water-Lithium Bromide aNawabshah:bQUEST,c2016. a70p. ; aDepartment of Mechanical Engineering cTHESIS c57538d57535 00104070aQUESTCLbRESEARCHd2017-03-29l0o13ME38pMEP/28-367r2017-03-29 00:00:00w2017-03-29yTHESIS